Optimalizácia materiálovej skladby rôznych ekologických obvodových plášťov drevostavieb z hľadiska tepelno-technických charakteristík.

Salvato in:
Dettagli Bibliografici
Autore principale: Gustiňáková, Zuzana (Autore)
Altri autori: Struhárová, Alena (Relatore della tesi)
Natura: Manoscritto Libro
Lingua:slovacco
Pubblicazione: 2017
Soggetti:
Accesso online:http://is.stuba.sk/zp/portal_zp.pl?podrobnosti=128902
https://opac.crzp.sk/?fn=detailBiblioForm&sid=4B7A8F8230E4921737116E8DC396
Tags: Aggiungi Tag
Nessun Tag, puoi essere il primo ad aggiungerne!!

MARC

LEADER 00000ntm a22000003a 4500
001 stuzp63491
003 SK-STU
005 20230811112111.8
007 ta
008 150427s2015----xo-----f-mn---000-0-slo-d
040 |a STU  |b slo 
041 0 |a slo 
100 1 |a Gustiňáková, Zuzana  |u 010260  |4 aut  |U SvF Stavebná fakulta  |T SvF Katedra materiálového inžinierstva  |X 54535  |U V260  |Y 27  |7 54535 
242 0 1 |a Optimize material composition different environmental envelopes woodworking in terms of thermo-technical characteristics  |y eng 
245 1 0 |a Optimalizácia materiálovej skladby rôznych ekologických obvodových plášťov drevostavieb z hľadiska tepelno-technických charakteristík. 
260 |c 2017 
650 4 |a nízkonergetický dom  |2 slo 
650 4 |a drevostavba  |2 slo 
650 4 |a optimalizácia obvodovej steny  |2 slo 
650 4 |a optimization of the peripheral wall  |2 eng 
650 4 |a Low-energy house  |2 eng 
650 4 |a wooden house  |2 eng 
700 1 |a Struhárová, Alena  |u 010260  |k Z1  |4 ths  |U SvF Stavebná fakulta  |T SvF Katedra materiálového inžinierstva  |X 916  |U V260  |Y 27  |7 A000000916 
856 4 |u http://is.stuba.sk/zp/portal_zp.pl?podrobnosti=128902 
856 4 |u https://opac.crzp.sk/?fn=detailBiblioForm&sid=4B7A8F8230E4921737116E8DC396